000
00330nam a2200121Ia 4500
008
230205s9999 xx 000 0 und d
022
_a
1448-837X
082
_a
105.23
245
0
_a
Australian Journal Of Electrical & Electronics Engineering
260
_b
Engineers Media ,NSW,1585
_a
India
_c
2005
650
_a
ECE & EE
942
_c
J
999
_c
19741
_d
19741